000 00591npm a2200133 4500
003 OSt
005 20250325171850.0
008 250325b |||||||| |||| 00| 0 fre d
040 _cautismepaimpol.fr
245 _aSablier en sable coloré
246 _aécoulement de 5 mn
520 _aRegarder s'écouler le sable peut-être particulièrement fascinant. Cela peut stimuler un besoin sensoriel tout en aidant à évaluer les durées. Il fait office de timer (aide à comprendre et accepter l'écoulement d'un temps en s'appuyant sur la force visuelle de la personne autiste).
942 _cMATSENS
999 _c153
_d153